| 000 | 02105 a2200373 4500 | ||
|---|---|---|---|
| 001 | 21913930 | ||
| 003 | 0000 | ||
| 005 | 20260402142639.0 | ||
| 008 | 210223s2021 flua b 001 0 eng | ||
| 010 | _a 2021008430 | ||
| 020 | _a9780367474089 | ||
| 020 | _a9780367709723 | ||
| 020 | _z9781003148753 | ||
| 035 | _a21913930 | ||
| 040 |
_aDLC _beng _cDLC _erda _dDLC |
||
| 042 | _apcc | ||
| 050 | 0 | 0 |
_aG109.5 _b.B48 2021 |
| 082 | 0 | 0 |
_a910.285 _223 |
| 100 | 1 |
_aBhatta, B. _qBasudeb, _eauthor. |
|
| 245 | 1 | 0 |
_aGlobal navigation satellite systems : _bnew technologies and applications / _cBasudeb Bhatta. |
| 250 | _aSecond edition. | ||
| 264 | 1 |
_aBoca Raton, FL : _bCRC Press, Taylor & Francis Group, _c2021. |
|
| 300 |
_axxiv, 361 pages : _billustrations ; _c24 cm |
||
| 336 |
_atext _btxt _2rdacontent |
||
| 337 |
_aunmediated _bn _2rdamedia |
||
| 338 |
_avolume _bnc _2rdacarrier |
||
| 504 | _aIncludes bibliographical references and index. | ||
| 520 |
_a"Global navigation satellite systems GNSS and their technology have advanced in the recent years and this revised and updated second edition provides a thorough understanding of the basic principles and techniques of GNSS, analyzes all four active systems and explains clearly how each GNSS works. Because of its straightforward treatment of the subject, readers gain an insight into the techniques, trends, and applications of GNSS, and develop knowledge on selecting an appropriate GNSS instrument. Written for students and practitioners in Geoinformatics, Geomatics Engineering, Surveying and Remote Sensing and GIS, this introductory and practical book includes questions and exercises in each chapter"-- _cProvided by publisher. |
||
| 650 | 0 | _aGlobal Positioning System. | |
| 776 | 0 | 8 |
_iOnline version: _aBhatta, Basudeb, _tGlobal navigation satellite systems _bSecond edition. _dBoca Raton, FL : CRC Press, 2021. _z9781003148753 _w(DLC) 2021008431 |
| 906 |
_a7 _bcbc _corignew _d1 _eecip _f20 _gy-gencatlg |
||
| 942 |
_2lcc _cBK |
||
| 999 |
_c44258 _d44258 |
||